header

Charles II (Record no. 39086)

MARC details
000 -LEADER
fixed length control field 01295nam a2200325 a 4500
082 04 - DEWEY DECIMAL CLASSIFICATION NUMBER
Classification number 941.06/4/092
-- B
100 1# - MAIN ENTRY--AUTHOR NAME
Personal name Belloc, Hilaire,
245 10 - TITLE STATEMENT
Title Charles II
260 ## - PUBLICATION, DISTRIBUTION, ETC. (IMPRINT)
Place of publication Norfolk, VA :
Name of publisher Gates of Vienna Books,
Year of publication 2003.
300 ## - PHYSICAL DESCRIPTION
Number of Pages 223 p. :
Other physical details ill.
500 ## - GENERAL NOTE
General note Originally published: New York : Harper & Brothers, 1939.
856 40 - ELECTRONIC LOCATION AND ACCESS
Uniform Resource Identifier http://site.ebrary.com/lib/rucke/Doc?id=10229777

No items available.

© 2026 Rongo University
Contact us: librarian | system librarian | Rongo university